Hipertexto Sociales / (Registro nro. 10535)

Detalles MARC
000 -CABECERA
Longitud fija campo de control 01073nam a2200277 a 4500
003 - • IDENTIFICADOR DELl NÚMERO DE CONTROL
Identificador del número de control CO-ViMGA
008 - • CÓDIGOS DE INFORMACIÓN DE LONGITUD FIJA
Códigos de información de longitud fija 141112s2004 ck r 000 u spa d
020 ## - • NÚMERO INTERNACIONAL NORMALIZADO PARA LIBROS
Número Internacional Normalizado para Libros (ISBN) 9789582413699 (grado 6) 9789582413941 (7) 9789582413712 (8) 9789582414283 (9) 9789582413972 (10) 9789582413996 (11)
040 ## - FUENTE DE LA CATALOGACIÓN
Centro catalogador de origen CO-ViMGA
Lengua de catalogación spa
Centro transcriptor CO-ViMGA
082 ## - • NÚMERO DE LA CLASIFICACIÓN DECIMAL DEWEY
Número de clasificación (R) 900.7 H47
245 10 - • TITULO PROPIAMENTE DICHO
Título Hipertexto Sociales /
Mención de responsabilidad, etc. Fabio Alejandro Cobos Pinzón ... [et.al.]
300 ## - • DESCRIPCIÓN FÍSICA
Extensión v. : il. ; 29 cm.
490 ## - • MENCIÓN DE SERIE
Mención de serie Hipertexto Santillana
598 ## -
-- NEW - GRAL
650 14 - • PUNTO DE ACCESO ADICIONAL DE MATERIA - TÉRMINO DE MATERIA
Término de materia o nombre geográfico como elemento inicial Historia - Enseñanza secundaria - Libros de texto
700 1# - • PUNTO DE ACCESO ADICIONAL - NOMBRE DE PERSONA
Nombre de persona Caballero Escorcia, Boris Alexander
700 1# - • PUNTO DE ACCESO ADICIONAL - NOMBRE DE PERSONA
Nombre de persona Cobos Pinzón, Fabio Alejandro
700 1# - • PUNTO DE ACCESO ADICIONAL - NOMBRE DE PERSONA
Nombre de persona Maldonado Zamudio, Carlos Alberto
700 1# - • PUNTO DE ACCESO ADICIONAL - NOMBRE DE PERSONA
Nombre de persona Ortiz Jiménez, José Guillermo
917 ## -
-- 2010 - 3232 4 vol. (2 ejs. de cada uno)
942 ## - ENTRADA DE ELEMENTOS AGREGADOS (KOHA)
Fuente de clasificaión o esquema Dewey Decimal Classification
Koha [por defecto] tipo de item LIbro
990 ## - EQUIVALENCIA O SECCIÓN-REFERENCIA [LOCAL, CANADA]
Enlace de información para campos 9XX 2010 - 3232 Santillana 4 vol. (2 ejs. de cada uno) 21 27/04/2010 a716933
Existencias
Perdido Fuente de clasificación o esquema Estado Físico No para préstamo Forma de adquisición Localización permanente Localización actual Fecha adquisición Serie de enumeración / cronolog&íacute;a Préstamos totales Signatura completa Código de barras Fecha última consulta Número de copia Fecha del precio de reemplazo Tipo de item de Koha
  Dewey Decimal Classification     Sala General Biblioteca Barrio Emporio - Villavicencio Biblioteca Barrio Emporio - Villavicencio 12/04/2015 Volumen. 1 | 11/jun/2009   938 A74g 38044 03/01/2019 Ej. 1 12/04/2015 LIbro
  Dewey Decimal Classification     Sala General Segundo Piso Biblioteca Pública Germán Arciniegas - Villavicencio Biblioteca Pública Germán Arciniegas - Villavicencio 12/04/2015 Volumen. 1 | 11/jun/2009   938 A74g 1338 12/04/2015 Ej. 1 12/04/2015 LIbro









Instituto Departamental de Cultura del Meta - Red Departamental de Bibliotecas Públicas del Meta.